000 00642nam a2200217Ia 4500
003 GCL
008 140319s9999 xx 000 0 ara d
040 _aGCL /
_cGCL
082 0 4 _a811.1
_bن م
100 1 _aناصرالدين الاسد
245 1 0 _aمصادر الشعر الجاهلى وقيمتها التاريخية /
_cناصرالدين الاسد
260 _a[S.N] :
_bدار المعارف ،
_c1956
300 _a717 ص
490 _a
650 0 4 _aالادب العربى
650 0 4 _aالادب
650 0 4 _aالشعر الجاهلى
650 0 4 _aالشعر
650 0 4 _aتاريخ ونقد
942 _2ddc
_cBK
999 _c59139
_d59139